Ekonomické nástroje riadenia vo vnútornom obchode v 7. päťročnici zborník

Uložené v:
Podrobná bibliografia
Médium: Kniha
Jazyk:Slovak
Vydavateľské údaje: Banská Bystrica Dom techniky ČSVTS 1981
Tagy: Pridať tag
Žiadne tagy, Buďte prvý, kto otaguje tento záznam!

MARC

LEADER 00000nam a2200000 4500
001 c142154
005 20181203150523.3
041 0 |a slo 
044 |a SK 
245 1 0 |a Ekonomické nástroje riadenia vo vnútornom obchode v 7. päťročnici  |b zborník 
264 1 |a Banská Bystrica  |b Dom techniky ČSVTS  |c 1981 
300 |a 132 s.